00419 2200157 4500001002100000008004100021035002000062245004600082100002700128260002800155300002200183020002200205084001400227082000800241990001200249INLIS000000000002824 IND  a0010-0925000171 aKenangan TerindahcTri Okta Hesti Ningrum aTri Okta Hesti Ningrum aJakartabEuthaniac2017 a176c(13 x 19 cm) a978-602-398-025-3 a813 HES k a813 a0755046